1806 1961 1299 1245 1874 1101 1316 1365 1976 1917 1519 1647 1389 1447 1334 1896 1643 1461 1732 1308 1131 1971 1668 1906 1692 1989 1820 1902 1907 1940 1472 1381 1691 1057 1549 1027 1776 1128 1333 1086 1857 1235 1711 1884 1486 1858 1658 1073 1081 1771 1497 1310 1796 1716 1472 1154 1879 1004 1527 1206 1712 1971 1303 1719 1174 1013 1287 1944 1762 1212 1462 1563 1757 1929 1457 1296 1199 1540 1310 1887 1747 1155 1223 1118 1758 1219 1697 1560 1351 1737 1624 1979 1299 1326 1776 1093 1112 1557 1346 BCNSPRNW ULIB Ver.6.0+V

เปลี่ยนเป็นภาษาไทย

Change to English
 แสดงรายละเอียดบรรณานุกรม
  กลับหน้าหลัก

Brief Record : Get Marc (ISO 2709) : E-mail record : QR code < ปิดหน้าต่าง
LEADER : 00000nam 2200000uu 4500
001    13399123544
003     ULIB
008    141005s2556||||th 000 0 tha d
020    ^a9789747743593
060 04 ^aWC100^bภ979ร
100 0  ^aภากร โภไคยพงศ์
245 10 ^aโรคระบาด โรคติดเชื้อที่ต้องระวัง! =^bPandemic preparation and prevention /^cภากร โภไคยพงศ์
246 0  ^aPandemic preparation and prevention
260    ^aกรุงเทพฯ :^bต้นธรรม,^c2556
300    ^a160 หน้า :^bภาพประกอบ;^c19 ซม.
650  4 ^aมาลาเรีย
650  4 ^aอหิวาตกโรค
650  4 ^aไข้เลือดออก
650  4 ^aโรคแอนแทรกซ์
650  0 ^aไข้หวัดใหญ่
650  0 ^aไข้หวัดซาร์ล
650  0 ^aไข้หวัดนก
650  0 ^aไข้หวัดหมู
945    ^p100^l0^i21086
945    ^p100^l0^i21087
945    ^p100^l0^i21088
945    ^p100^l0^i21089
945    ^p100^l0^i21090
999    ^aทศพร เกษรทอง
รายการนี้ยังไม่มีแท็ก
คุณยังไม่ได้ล็อกอิน คุณสามารถมีกิจกรรมร่วมกับเว็บไซต์ได้ แต่ต้องล็อกอินก่อน ::
  ล็อกอิน

รายการสื่อสารสนเทศ

ลำดับที่ ประเภท เลขเรียก/บาร์โค้ด สถานที่ สถานะ
1. วิทยาศาสตร์การแพทย์ และสุขภาพ
หนังสือสำรอง
สถานะ=หนังสือสำรอง
WC100 ภ979ร ฉ.1 
  Barcode: 21086
ห้องสมุดวิทยาเขตนครสวรรค์
►หนังสือทั่วไป:l:General Books
บนชั้น
2. วิทยาศาสตร์การแพทย์ และสุขภาพ
วิทยาศาสตร์การแพทย์ และสุขภาพ
WC100 ภ979ร ฉ.2 
  Barcode: 21087
ห้องสมุดวิทยาเขตนครสวรรค์
►หนังสือทั่วไป:l:General Books
บนชั้น
3. วิทยาศาสตร์การแพทย์ และสุขภาพ
วิทยาศาสตร์การแพทย์ และสุขภาพ
WC100 ภ979ร ฉ.3 
  Barcode: 21088
ห้องสมุดวิทยาเขตนครสวรรค์
►หนังสือทั่วไป:l:General Books
บนชั้น
4. วิทยาศาสตร์การแพทย์ และสุขภาพ
วิทยาศาสตร์การแพทย์ และสุขภาพ
WC100 ภ979ร ฉ.4 
  Barcode: 21089
ห้องสมุดวิทยาเขตนครสวรรค์
►หนังสือทั่วไป:l:General Books
บนชั้น
5. วิทยาศาสตร์การแพทย์ และสุขภาพ
วิทยาศาสตร์การแพทย์ และสุขภาพ
WC100 ภ979ร ฉ.5 
  Barcode: 21090
ห้องสมุดวิทยาเขตนครสวรรค์
►หนังสือทั่วไป:l:General Books
บนชั้น

รายการใกล้เคียง
    ผู้แต่ง [ภากร โภไคยพงศ์]

    หัวเรื่อง [มาลาเรีย]
    หัวเรื่อง [อหิวาตกโรค]
    หัวเรื่อง [ไข้เลือดออก]
    หัวเรื่อง [โรคแอนแทรกซ์]
    หัวเรื่อง [ไข้หวัดใหญ่]
    หัวเรื่อง [ไข้หวัดซาร์ล]
    หัวเรื่อง [ไข้หวัดนก]
    หัวเรื่อง [ไข้หวัดหมู]

BibComment


ยังไม่เคยถูกคอมเมนท์

คอมเมนท์ทรัพยากรรายการนี้
  คอมเมนท์: โรคระบาด โรคติดเ..


 Copyright 2026. Bcnsprnw @Library